Mallorca. `El Parado de Valldemosa` (Record no. 109478)

MARC details
000 -LEADER
campo de control de longitud fija 00614nam a2200169 4500
001 - NÚMERO DE CONTROL
campo de control 109478
003 - IDENTIFICADOR DE NÚMERO DE CONTROL
campo de control ES-MaACL
005 - FECHA Y HORA DE LA ÚLTIMA TRANSACCIÓN
campo de control 20230906184841.0
007 - CAMPO FIJO DE DESCRIPCIÓN FÍSICA--INFORMACIÓN GENERAL
campo de control de longitud fija t|
008 - DATOS DE LONGITUD FIJA--INFORMACIÓN GENERAL
campo de control de longitud fija 061121s1953 sp r ||||1| spa d
100 1# - ENTRADA PRINCIPAL--NOMBRE DE PERSONA
Nombre de persona Mulet, Antonio.
9 (RLIN) 84102
245 10 - MENCIÓN DEL TÍTULO
Título Mallorca. `El Parado de Valldemosa`
Resto del título : Antecedentes y desenvolvimiento en el baile popular /
Mención de responsabilidad, etc. Antonio Mulet; Dibujos y acuarelas de J. Coll Bardolet.
260 ## - PUBLICACIÓN, DISTRIBUCIÓN, ETC.
Lugar de publicación, distribución, etc. Palma de Mallorca :
Nombre del editor, distribuidor, etc. [s.n.],
Fecha de publicación, distribución, etc. 1953 (
Fabricante Imp. Durán de Inca)
300 ## - DESCRIPCIÓN FÍSICA
Extensión 69 p., 9 lám. :
Otras características físicas il. ;
Dimensiones 21 cm.
700 1# - ENTRADA AGREGADA--NOMBRE PERSONAL
Nombre de persona Coll Bardolet, J.
9 (RLIN) 39623
852 ## - LOCALIZACIÓN
Ubicación ES-MaACL
Número de control de estantería 1958-F-9
Sublocalización o colección R.34844
Holdings
Estatus retirado Estado de pérdida Estado de daño No para préstamo Colección Biblioteca de origen Biblioteca actual Ubicación en estantería Fecha de adquisición Fuente de adquisición Total de préstamos Signatura topográfica completa Código de barras Visto por última vez Precio de reemplazo Tipo de ítem Koha
        Colección de folletos Biblioteca del Ateneo de Madrid Biblioteca del Ateneo de Madrid Depósito folletos 17/01/2008     1958-F-9 1114230 23/02/2023 23/02/2023 Folleto